|
|
|
|
| LEADER |
00000naa a2200000uu 4500 |
| 001 |
vtls011093398 |
| 003 |
SK-MaSNL |
| 005 |
20260302110508.0 |
| 008 |
210824|1997 xo |||||||||||||||||slo| |
| 015 |
|
|
|a SNBRA
|
| 035 |
|
|
|a (urnnbn)urn:nbn:sk:snk:ar-a0csaw
|
| 035 |
|
|
|a (uuid)81294a7c-54ef-42e9-bd56-8bc30c879d9e
|
| 035 |
|
|
|a urn:nbn:sk:snk-aavxz6
|
| 040 |
|
|
|a SNKBUCL
|b slo
|c SNKBUCL
|e AACR2
|
| 041 |
0 |
|
|a slo
|
| 044 |
|
|
|a xo
|c SK
|
| 100 |
1 |
|
|a Jurčo, Ivan
|4 aut
|9 310164
|
| 245 |
1 |
0 |
|a NAPÄTOSŤ VENTILÁTORA
|c Ivan Jurčo, Jozef Turza
|
| 700 |
1 |
|
|a Turza, Jozef
|4 aut
|9 5838
|
| 773 |
0 |
|
|t CO-MAT-TECH '97 : 5. vedecká konferencia s medzinárodnou účasťou, Trnava 14.-15. októbra 1997 : sekcia: aplikované prírodné a inžinierske vedy, humanitné a spoločenské vedy v technike
|d V Bratislave : Slovenská technická univerzita, Materiálovotechnologická fakulta, 1997
|g S. 31-35
|z 8022709794
|
| 958 |
|
|
|a OND
|
| 958 |
|
|
|a article12
|
| 958 |
|
|
|a chapter
|
| 999 |
|
|
|c 1243639
|d 1245569
|